[Event "GER-ch Seniors-A 20th"]
[Site "Erfurt"]
[Date "2008.08.06"]
[Round "2"]
[White "Kunath, Werner"]
[Black "Just, Joachim"]
[Result "0-1"]
[WhiteElo "1891"]
[BlackElo "1928"]
[PlyCount "64"]
[EventDate "2008.08.05"]
[EventType "swiss"]
[EventRounds "9"]
[EventCountry "GER"]
[SourceTitle "CBM 126 Extra"]
[Source "ChessBase"]
[SourceDate "2008.11.05"]
[SourceVersion "1"]
[SourceVersionDate "2008.11.05"]
[SourceQuality "1"]

1. Nf3 g6 2. d4 Bg7 3. e4 c6 4. Bd3 Nh6 5. h3 d6 6. c3 0-0 7. 0-0 Nd7 8. Be3 f6 9. Nbd2 Nf7 10. Nh2 e5 11. f4 Qe7 12. Qb3 Kh8 13. fxe5 dxe5 14. Rae1 b5 15. Ndf3 a5 16. a4 Ba6 17. Qc2 Rfb8 18. b3 c5 19. axb5 cxd4 20. cxd4 Bxb5 21. Bxb5 Rxb5 22. d5 Rab8 23. Nd2 Nc5 24. Rb1 Na6 25. Rfc1 Nd6 26. Ra1 f5 27. Qc6 Nb4 28. Qc7 Qxc7 29. Rxc7 fxe4 30. Bc5 Ne8 31. Rxg7 Kxg7 32. Nxe4 Nd3 0-1

[Event "GER-ch Seniors-A 20th"]
[Site "Erfurt"]
[Date "2008.08.05"]
[Round "1"]
[White "Cotenescu, Daniel"]
[Black "Kunath, Werner"]
[Result "1/2-1/2"]
[WhiteElo "1835"]
[BlackElo "1891"]
[PlyCount "117"]
[EventDate "2008.08.05"]
[EventType "swiss"]
[EventRounds "9"]
[EventCountry "GER"]
[SourceTitle "CBM 126 Extra"]
[Source "ChessBase"]
[SourceDate "2008.11.05"]
[SourceVersion "1"]
[SourceVersionDate "2008.11.05"]
[SourceQuality "1"]

1. e4 c5 2. Nf3 a6 3. d4 cxd4 4. Nxd4 Nf6 5. Bd3 e5 6. Nf3 d5 7. Qe2 dxe4 8. Bxe4 Nxe4 9. Qxe4 Nc6 10. 0-0 Bd6 11. Nc3 0-0 12. Bg5 f6 13. Qd5+ Kh8 14. Be3 Qe7 15. Ne4 Rd8 16. Rad1 Be6 17. Qd2 Bb4 18. Qc1 Qf7 19. c3 Be7 20. Bb6 Rxd1 21. Rxd1 Bd5 22. Qe3 h6 23. Nh4 Be6 24. Nd6 Bxd6 25. Rxd6 Bxa2 26. Qd3 Be6 27. Ng6+ Kg8 28. f4 Bc4 29. Qf5 Re8 30. h4 exf4 31. Nxf4 Qe7 32. Rd1 Ne5 33. Bd4 Qf7 34. h5 Rd8 35. Re1 Re8 36. Re3 Nc6 37. Bc5 Rxe3 38. Bxe3 Qe8 39. Kf2 Ne5 40. Bd4 Qd7 41. Qxd7 Nxd7 42. Ke3 Kf7 43. Ke4 Nf8 44. Be3 Ba2 45. b4 Nh7 46. Ne2 Ng5+ 47. Bxg5 hxg5 48. Nd4 g6 49. hxg6+ Kxg6 50. g4 Bb1+ 51. Kf3 f5 52. c4 f4 53. Ne6 Ba2 54. Nf8+ Kg7 55. Ne6+ Kf6 56. Nc5 Bxc4 57. Ne4+ Kg6 58. Kf2 Kh6 59. Nf6 1/2-1/2

[Event "Bayern-ch Seniors 18th"]
[Site "Schloss Schney"]
[Date "2006.07.03"]
[Round "9"]
[White "Schmidt, Gerhard3"]
[Black "Kunath, Werner"]
[Result "1-0"]
[WhiteElo "2139"]
[BlackElo "1896"]
[PlyCount "103"]
[EventDate "2006.06.25"]
[EventType "swiss"]
[EventRounds "9"]
[EventCountry "GER"]
[SourceTitle "EXT 2007"]
[Source "ChessBase"]
[SourceDate "2006.11.23"]
[SourceVersion "1"]
[SourceVersionDate "2006.11.23"]
[SourceQuality "1"]

1. d4 Nf6 2. Nf3 d5 3. c4 e6 4. Nc3 Be7 5. Bg5 Nbd7 6. e3 0-0 7. Qc2 h6 8. Bh4 Re8 9. Rd1 c6 10. Bd3 dxc4 11. Bxc4 Nd5 12. Bxe7 Qxe7 13. 0-0 Nxc3 14. Qxc3 b6 15. e4 Bb7 16. Qe3 Rad8 17. h3 c5 18. d5 exd5 19. Bxd5 Bxd5 20. Rxd5 Nf6 21. Re5 Qc7 22. Rxe8+ Rxe8 23. e5 Nd5 24. Qe4 Qc6 25. Rd1 Ne7 26. Qc4 b5 27. Qd3 Ng6 28. Qd5 Re6 29. Qxc6 Rxc6 30. g3 Kf8 31. Rd8+ Ke7 32. Rb8 a6 33. h4 Nf8 34. Kf1 Nd7 35. Rb7 Kd8 36. Ra7 Re6 37. Ra8+ Kc7 38. Ra7+ Kc8 39. b3 g6 40. Ke2 Nxe5 41. Nxe5 Rxe5+ 42. Kd3 Rd5+ 43. Kc3 Rd7 44. Rxa6 Kb7 45. Rf6 h5 46. a4 bxa4 47. bxa4 Rc7 48. Kc4 Kc8 49. a5 Kd8 50. a6 Ke7 51. Rb6 Kd7 52. Rb7 1-0

[Event "Bayern-ch Seniors 18th"]
[Site "Schloss Schney"]
[Date "2006.06.27"]
[Round "3"]
[White "Scheuerlein, Gerhard"]
[Black "Kunath, Werner"]
[Result "0-1"]
[WhiteElo "1684"]
[BlackElo "1896"]
[PlyCount "46"]
[EventDate "2006.06.25"]
[EventType "swiss"]
[EventRounds "9"]
[EventCountry "GER"]
[SourceTitle "EXT 2007"]
[Source "ChessBase"]
[SourceDate "2006.11.23"]
[SourceVersion "1"]
[SourceVersionDate "2006.11.23"]
[SourceQuality "1"]

1. Nf3 Nf6 2. c4 e6 3. g3 d5 4. cxd5 exd5 5. Bg2 Bd6 6. 0-0 0-0 7. d4 Re8 8. Nc3 c6 9. Re1 h6 10. Qd3 Ne4 11. Nd2 f5 12. f3 Nxg3 13. hxg3 Bxg3 14. Rf1 Qh4 15. Rf2 Bxf2+ 16. Kf1 Be3 17. Nd1 f4 18. Nb3 Qg5 19. Bxe3 fxe3 20. Qc2 Bf5 21. Qc3 Nd7 22. Nc5 Nxc5 23. Qxc5 Re6 0-1

[Event "Staufer Seniors op 12th"]
[Site "Schwaebisch Gmuend"]
[Date "2006.01.05"]
[Round "5"]
[White "Kunath, Werner"]
[Black "Siegmund, Rainer"]
[Result "1-0"]
[WhiteElo "2038"]
[BlackElo "2169"]
[PlyCount "81"]
[EventDate "2006.01.02"]
[EventType "swiss"]
[EventRounds "9"]
[EventCountry "GER"]
[SourceTitle "EXT 2007"]
[Source "ChessBase"]
[SourceDate "2006.11.23"]
[SourceVersion "1"]
[SourceVersionDate "2006.11.23"]
[SourceQuality "1"]

1. d4 Nf6 2. Bg5 d5 3. Nd2 Nbd7 4. Ngf3 e6 5. e4 dxe4 6. Nxe4 Be7 7. Nxf6+ Nxf6 8. c3 0-0 9. Bd3 Nd5 10. Bd2 Bf6 11. Qc2 g6 12. 0-0-0 Qd6 13. Bh6 Bg7 14. Bxg7 Kxg7 15. g3 c5 16. Rhe1 b6 17. dxc5 Qxc5 18. Kb1 b5 19. Qe2 a6 20. Nd4 Re8 21. Nb3 Qb6 22. Qe5+ f6 23. Qd4 Qxd4 24. Nxd4 e5 25. Nb3 Bg4 26. Be4 Bxd1 27. Rxd1 Nb6 28. Bxa8 Rxa8 29. Nc5 a5 30. b3 h5 31. Rd6 Rb8 32. h4 Kf7 33. Kb2 a4 34. Ne4 f5 35. Ng5+ Kg7 36. Re6 e4 37. Re7+ Kf8 38. Re6 Kg7 39. Rd6 Rb7 40. Ne6+ Kf7 41. Nd8+ 1-0

[Event "GER-chA Seniors 16th"]
[Site "Templin"]
[Date "2004.09.08"]
[Round "5"]
[White "Kunath, Werner"]
[Black "Miessner, Rolf"]
[Result "1/2-1/2"]
[WhiteElo "1798"]
[BlackElo "1627"]
[PlyCount "100"]
[EventDate "2004.09.04"]
[EventType "swiss"]
[EventRounds "9"]
[EventCountry "GER"]
[SourceTitle "EXT 2005"]
[Source "ChessBase"]
[SourceDate "2004.11.15"]
[SourceVersion "1"]
[SourceVersionDate "2004.11.15"]
[SourceQuality "1"]

1. d4 d5 2. Nc3 Bf5 3. Bg5 f6 4. Bh4 c6 5. Qd2 Nd7 6. f3 e5 7. e4 exd4 8. exf5 dxc3 9. Qxc3 Qe7+ 10. Ne2 0-0-0 11. 0-0-0 Re8 12. Rxd5 Qb4 13. Qxb4 Bxb4 14. Rd1 Ne7 15. g4 Nd5 16. Bf2 Ne3 17. Bxe3 Rxe3 18. c3 Ba5 19. Nd4 g5 20. Bg2 Ne5 21. Rhf1 h5 22. h3 hxg4 23. fxg4 Rg3 24. Rd2 Nd3+ 25. Kc2 Nf4 26. Rff2 Bb6 27. Bf1 Nd5 28. Kb3 Bxd4 29. Rxd4 Ne3 30. Rd6 Nxf1 31. Rxf1 Rhxh3 32. Rxf6 Rxg4 33. Rg6 Rh8 34. f6 Rf8 35. f7 Kd8 36. Rgf6 Rf4 37. R1xf4 gxf4 38. Kc4 Ke7 39. Rxf4 Rxf7 40. Rxf7+ Kxf7 41. a4 Ke6 42. Kc5 Kd7 43. a5 Kc7 44. Kd4 Kd6 45. b4 b6 46. a6 Ke6 47. c4 Kd6 48. Ke4 Ke6 49. Kf4 Kf6 50. c5 b5 1/2-1/2

[Event "GER-chA Seniors 16th"]
[Site "Templin"]
[Date "2004.09.06"]
[Round "3"]
[White "Laux, Gerhard"]
[Black "Kunath, Werner"]
[Result "1-0"]
[WhiteElo "1735"]
[BlackElo "1798"]
[PlyCount "91"]
[EventDate "2004.09.04"]
[EventType "swiss"]
[EventRounds "9"]
[EventCountry "GER"]
[SourceTitle "EXT 2005"]
[Source "ChessBase"]
[SourceDate "2004.11.15"]
[SourceVersion "1"]
[SourceVersionDate "2004.11.15"]
[SourceQuality "1"]

1. d4 Nf6 2. Nf3 b6 3. Bg5 d6 4. Bxf6 gxf6 5. g3 Bb7 6. Bg2 Nd7 7. 0-0 Bg7 8. c4 e6 9. Nc3 a6 10. e4 c5 11. d5 Ne5 12. Nxe5 fxe5 13. dxe6 fxe6 14. Qh5+ Ke7 15. f4 Qe8 16. Qf3 Rf8 17. Qd3 exf4 18. e5 Qd7 19. Qxd6+ Qxd6 20. exd6+ Kxd6 21. Bxb7 Bd4+ 22. Kg2 Ra7 23. Bf3 Rg7 24. Rad1 fxg3 25. Ne4+ Kc7 26. hxg3 Rfg8 27. b4 Be5 28. bxc5 bxc5 29. Rb1 Kc8 30. Rb6 Bxg3 31. Nxg3 Rxg3+ 32. Kf2 Rh3 33. Rxa6 Rgg3 34. Ke2 e5 35. Re6 Rh4 36. Bd5 Rh2+ 37. Rf2 Rxf2+ 38. Kxf2 Ra3 39. Rxe5 Rxa2+ 40. Kg3 Ra7 41. Kf4 Rg7 42. Rf5 Kd8 43. Rf7 Rg1 44. Rxh7 Re1 45. Kf5 Re3 46. Ra7 1-0

[Event "Rhoen Seniors-A 4th"]
[Site "Bad Bocklet"]
[Date "2003.11.11"]
[Round "6"]
[White "Klovans, Janis"]
[Black "Kunath, Werner"]
[Result "1-0"]
[WhiteElo "2446"]
[BlackElo "1933"]
[PlyCount "75"]
[EventDate "2003.11.??"]
[EventType "tourn"]
[EventRounds "9"]
[EventCountry "GER"]
[SourceTitle "EXT 2006"]
[Source "ChessBase"]
[SourceDate "2005.11.24"]
[SourceVersion "1"]
[SourceVersionDate "2005.11.24"]
[SourceQuality "1"]

1. e4 g6 2. d4 Bg7 3. Nc3 c6 4. f4 d5 5. e5 Nh6 6. Nf3 Bg4 7. Be2 Nd7 8. Be3 Nf5 9. Bf2 Bh6 10. g3 Qa5 11. a3 f6 12. h3 Bxf3 13. Bxf3 Ng7 14. 0-0 0-0 15. Qd3 f5 16. Ne2 Ne6 17. c4 Qa6 18. b3 Rad8 19. Qc2 Rc8 20. Rfc1 dxc4 21. bxc4 Nb6 22. a4 Rfd8 23. a5 Nd7 24. Qa2 Kh8 25. d5 cxd5 26. cxd5 Nef8 27. Qa3 e6 28. d6 Rxc1+ 29. Rxc1 b6 30. Rc7 Rb8 31. Nd4 bxa5 32. Kg2 Rb1 33. Be2 Qb6 34. Nxe6 Qb2 35. Qxb2 Rxb2 36. Nxf8 Nxf8 37. Bc4 a4 38. e6 1-0

[Event "Rhoen Seniors-A 4th"]
[Site "Bad Bocklet"]
[Date "2003.11.10"]
[Round "5"]
[White "Kunath, Werner"]
[Black "Fels, Karl Heinz"]
[Result "1-0"]
[WhiteElo "1933"]
[BlackElo "1746"]
[PlyCount "77"]
[EventDate "2003.11.??"]
[EventType "tourn"]
[EventRounds "9"]
[EventCountry "GER"]
[SourceTitle "EXT 2006"]
[Source "ChessBase"]
[SourceDate "2005.11.24"]
[SourceVersion "1"]
[SourceVersionDate "2005.11.24"]
[SourceQuality "1"]

1. d4 Nf6 2. Bg5 e6 3. e4 d5 4. Nd2 h6 5. Bxf6 Qxf6 6. c3 Qg6 7. Qf3 c6 8. Bd3 f5 9. exf5 exf5 10. 0-0-0 Be7 11. Re1 Kf7 12. Qe3 Re8 13. Ngf3 Nd7 14. h3 Qf6 15. Ne5+ Kf8 16. f4 Nxe5 17. dxe5 Qe6 18. g4 g6 19. gxf5 gxf5 20. Reg1 c5 21. Qg3 Qf7 22. Be2 Qh7 23. c4 Be6 24. cxd5 Bxd5 25. Bc4 Red8 26. Rh2 Bxc4 27. Nxc4 Rd4 28. Ne3 Rd3 29. Rhg2 Kf7 30. Qg7+ Qxg7 31. Rxg7+ Ke6 32. R1g6+ Kd7 33. Nxf5 Re8 34. Rxh6 Kd8 35. Rhh7 Rd7 36. Nxe7 Rdxe7 37. Rxe7 Rxe7 38. Rxe7 Kxe7 39. f5 1-0

[Event "Rhoen Seniors-A 4th"]
[Site "Bad Bocklet"]
[Date "2003.11.09"]
[Round "4"]
[White "Claus, Joachim"]
[Black "Kunath, Werner"]
[Result "1/2-1/2"]
[WhiteElo "1873"]
[BlackElo "1933"]
[PlyCount "167"]
[EventDate "2003.11.??"]
[EventType "tourn"]
[EventRounds "9"]
[EventCountry "GER"]
[SourceTitle "EXT 2006"]
[Source "ChessBase"]
[SourceDate "2005.11.24"]
[SourceVersion "1"]
[SourceVersionDate "2005.11.24"]
[SourceQuality "1"]

1. e4 c5 2. d4 cxd4 3. c3 Nf6 4. e5 Nd5 5. cxd4 Nc6 6. Bc4 Nb6 7. Bb3 d5 8. exd6 Qxd6 9. Ne2 Bg4 10. Nbc3 e6 11. 0-0 Rd8 12. Be3 Be7 13. f3 Bf5 14. Qd2 0-0 15. Rad1 Nb4 16. Ne4 Qd7 17. Nc5 Bxc5 18. dxc5 Qxd2 19. Rxd2 N6d5 20. Bf2 Bd3 21. Rfd1 Bxe2 22. Rxe2 Nf4 23. Red2 Rxd2 24. Rxd2 Nbd5 25. a3 Rd8 26. Bg3 g5 27. h4 h6 28. hxg5 hxg5 29. Bxf4 gxf4 30. Kf2 Kg7 31. Bc2 Rc8 32. b4 a5 33. Rd4 axb4 34. axb4 b6 35. Rc4 Ne3 36. Rc3 Kf6 37. c6 Nd5 38. Rc4 b5 39. Rc5 Nxb4 40. Be4 Ke7 41. Rxb5 Nxc6 42. Rc5 Kd6 43. Rc4 Ne7 44. Ra4 f5 45. Ra6+ Ke5 46. Ra5+ Kf6 47. Bd3 Nd5 48. Ra2 Rc3 49. Rd2 Rc1 50. Be2 Nc3 51. Rb2 Nxe2 52. Kxe2 Rc3 53. Kf2 Rc4 54. Ra2 Ke5 55. Rd2 Rd4 56. Ra2 Rc4 57. Rd2 Rb4 58. Ke2 Kf6 59. Kf2 e5 60. Rd6+ Ke7 61. Rg6 Rb2+ 62. Kg1 Rd2 63. Kf1 Rd6 64. Rg8 e4 65. g4 e3 66. gxf5 Rd1+ 67. Ke2 Rd2+ 68. Ke1 Rf2 69. Rg6 Rxf3 70. Re6+ Kf7 71. Ke2 Rf2+ 72. Kd3 Rf1 73. Ra6 Rd1+ 74. Ke2 Rd5 75. f6 Rf5 76. Kf3 Rxf6 77. Ra2 Ke6 78. Ra5 Kd6 79. Rb5 Kc6 80. Ra5 Kd6 81. Rb5 Re6 82. Rb1 Ke5 83. Ke2 Kf5 84. Kf3 1/2-1/2

[Event "Rhoen Seniors-A 4th"]
[Site "Bad Bocklet"]
[Date "2003.11.06"]
[Round "1"]
[White "Seubert, Karl"]
[Black "Kunath, Werner"]
[Result "0-1"]
[WhiteElo "1900"]
[BlackElo "1933"]
[PlyCount "112"]
[EventDate "2003.11.??"]
[EventType "tourn"]
[EventRounds "9"]
[EventCountry "GER"]
[SourceTitle "EXT 2006"]
[Source "ChessBase"]
[SourceDate "2005.11.24"]
[SourceVersion "1"]
[SourceVersionDate "2005.11.24"]
[SourceQuality "1"]

1. Nf3 d5 2. g3 Nf6 3. c4 c6 4. Qc2 dxc4 5. Qxc4 Nbd7 6. Bg2 Nb6 7. Qc2 g6 8. b3 Bg7 9. Bb2 0-0 10. 0-0 Re8 11. d3 a5 12. a3 h6 13. Nbd2 a4 14. b4 Bg4 15. h3 Be6 16. Nd4 Bd7 17. Nc4 Nxc4 18. Qxc4 e5 19. Nf3 Be6 20. Qc1 Nd7 21. Nd2 f5 22. Nc4 Qc7 23. Qc3 Bf6 24. e4 f4 25. Kh2 Kh7 26. Rac1 Rf8 27. Nd2 Rf7 28. Nf3 Raf8 29. Qc2 Bb3 30. Qd2 Qd6 31. g4 Rd8 32. Rfe1 Nf8 33. d4 Rfd7 34. Qe2 Qe7 35. dxe5 Bg7 36. Bf1 Ne6 37. Bc3 Ng5 38. Nxg5+ Qxg5 39. e6 Be5 40. Qf3 Bxe6 41. Bxe5 Qxe5 42. Rc5 Qd4 43. Be2 Bb3 44. g5 h5 45. Rf1 Qb2 46. Bc4 Qxa3 47. Qc3 Qa2 48. Bxb3 axb3 49. Qc4 Re7 50. b5 Rd2 51. Kg2 Rc2 52. Qd4 Qa3 53. Rc3 Rxc3 54. Qxc3 Qa4 55. Ra1 Qxe4+ 56. Kg1 b2 0-1

[Event "Kienberg op-A Seniors 1st"]
[Site "Freudenstadt"]
[Date "2003.09.22"]
[Round "9"]
[White "Kunath, Werner"]
[Black "Richter, Helmut"]
[Result "1-0"]
[WhiteElo "1928"]
[BlackElo "1731"]
[PlyCount "115"]
[EventDate "2003.09.??"]
[EventType "swiss"]
[EventRounds "9"]
[EventCountry "GER"]
[SourceTitle "EXT 2006"]
[Source "ChessBase"]
[SourceDate "2005.11.24"]
[SourceVersion "1"]
[SourceVersionDate "2005.11.24"]
[SourceQuality "1"]

1. d4 Nf6 2. Bg5 e6 3. e4 h6 4. Bxf6 Qxf6 5. Nf3 d6 6. Bd3 g5 7. e5 dxe5 8. Nxe5 Bg7 9. c3 Nd7 10. Qa4 Qe7 11. 0-0 Bxe5 12. dxe5 c6 13. Bc2 Nxe5 14. Qd4 f6 15. Nd2 c5 16. Qe4 Bd7 17. Qxb7 Bc6 18. Qa6 0-0 19. Be4 Qc7 20. Bxc6 Nxc6 21. Rfe1 e5 22. Qc4+ Kg7 23. Qxc5 Rac8 24. Ne4 Ne7 25. Qxc7 Rxc7 26. Rad1 Rb8 27. Re2 Rcb7 28. b3 Rc7 29. c4 Nc6 30. Red2 Nd4 31. Nc3 a6 32. f3 Rd7 33. Kf2 Re7 34. Ne2 Nxe2 35. Rxe2 a5 36. Rc1 a4 37. Rb2 axb3 38. Rxb3 Ra8 39. a3 Rc7 40. c5 Rac8 41. Rbc3 Rc6 42. g4 Kf7 43. Ke3 Ke6 44. Ke4 Ra8 45. Rb1 Ra4+ 46. Rb4 Raa6 47. Rbc4 Ra5 48. a4 Raa6 49. Rb3 h5 50. Rb5 h4 51. h3 Ra8 52. a5 Ra7 53. Rb6 Rac7 54. Ra4 Kd7 55. Rxc6 Kxc6 56. a6 Ra7 57. Ra5 Kc7 58. Kf5 1-0

[Event "Kienberg op-A Seniors 1st"]
[Site "Freudenstadt"]
[Date "2003.09.18"]
[Round "5"]
[White "Kunath, Werner"]
[Black "Siegmund, Rainer"]
[Result "1/2-1/2"]
[WhiteElo "1928"]
[BlackElo "1993"]
[PlyCount "43"]
[EventDate "2003.09.??"]
[EventType "swiss"]
[EventRounds "9"]
[EventCountry "GER"]
[SourceTitle "EXT 2006"]
[Source "ChessBase"]
[SourceDate "2005.11.24"]
[SourceVersion "1"]
[SourceVersionDate "2005.11.24"]
[SourceQuality "1"]

1. d4 Nf6 2. Bg5 e6 3. e4 h6 4. Bxf6 Qxf6 5. Nf3 d6 6. Bd3 c5 7. c3 e5 8. dxe5 dxe5 9. Nbd2 Nd7 10. Qa4 Bd6 11. Bb5 Ke7 12. Nc4 a6 13. Nxd6 Qxd6 14. Rd1 Nb6 15. Qc2 Qc7 16. Be2 Be6 17. 0-0 Rhd8 18. b3 Rd7 19. Rxd7+ Nxd7 20. Rd1 Rd8 21. Qd2 f6 22. Ne1 1/2-1/2

[Event "GER-chT Seniors 12th"]
[Site "Finsterbergen"]
[Date "2003.08.14"]
[Round "5.2"]
[White "Koksch, Guenther"]
[Black "Kunath, Werner"]
[Result "1-0"]
[WhiteElo "2165"]
[BlackElo "2106"]
[PlyCount "53"]
[EventDate "2003.08.10"]
[EventType "team-tourn"]
[EventRounds "7"]
[EventCountry "GER"]
[SourceTitle "EXT 2012"]
[Source "ChessBase"]
[SourceDate "2011.11.24"]
[SourceVersion "1"]
[SourceVersionDate "2011.11.24"]
[SourceQuality "1"]
[WhiteTeam "Sachsen"]
[BlackTeam "Thueringen II"]
[WhiteTeamCountry "GER"]
[BlackTeamCountry "GER"]

1. d4 Nf6 2. Nc3 d5 3. Bg5 Nbd7 4. f3 c6 5. e4 dxe4 6. fxe4 Qa5 7. e5 Nd5 8. Bd2 e6 9. Ne4 Qd8 10. Nf3 Be7 11. c4 Nc7 12. Nd6+ Kf8 13. Ne4 f5 14. exf6 Nxf6 15. Bd3 c5 16. 0-0 Kg8 17. Kh1 Bd7 18. Qe2 cxd4 19. Nxd4 Be8 20. Bc3 Bg6 21. Rad1 Qe8 22. Ng5 Bxd3 23. Rxd3 h6 24. Ngxe6 Nxe6 25. Nxe6 Rc8 26. Re3 Qg6 27. Rg3 1-0

[Event "GER-chT Seniors 12th"]
[Site "Finsterbergen"]
[Date "2003.08.13"]
[Round "4.2"]
[White "Kunath, Werner"]
[Black "Hobusch, Werner"]
[Result "1/2-1/2"]
[WhiteElo "2106"]
[BlackElo "2149"]
[PlyCount "88"]
[EventDate "2003.08.10"]
[EventType "team-tourn"]
[EventRounds "7"]
[EventCountry "GER"]
[SourceTitle "EXT 2012"]
[Source "ChessBase"]
[SourceDate "2011.11.24"]
[SourceVersion "1"]
[SourceVersionDate "2011.11.24"]
[SourceQuality "1"]
[WhiteTeam "Thueringen II"]
[BlackTeam "Sachsen Anhalt Seniors II"]
[WhiteTeamCountry "GER"]
[BlackTeamCountry "GER"]

1. d4 Nf6 2. Bg5 Ne4 3. Bf4 d5 4. Nd2 Bf5 5. e3 e6 6. f3 Nxd2 7. Qxd2 Bd6 8. Ne2 Nd7 9. Bxd6 cxd6 10. g4 Bg6 11. Ng3 h5 12. gxh5 Bxh5 13. Nxh5 Rxh5 14. 0-0-0 Qc7 15. Bd3 0-0-0 16. f4 g6 17. Kb1 Kb8 18. Rc1 Nb6 19. b3 Rc8 20. Be2 Rhh8 21. c3 Nd7 22. h4 Nf6 23. Bf3 Qa5 24. Kb2 Rc6 25. Rc2 Ra6 26. Kb1 Ne4 27. Bxe4 dxe4 28. Qg2 Qf5 29. Kb2 Rc6 30. c4 Rh5 31. b4 Rc8 32. Qg3 Rch8 33. Kb3 Qf6 34. Rch2 Qd8 35. a4 a6 36. Qe1 Ka7 37. a5 f6 38. Qg3 g5 39. fxg5 fxg5 40. hxg5 Rxh2 41. Rxh2 Rxh2 42. Qxh2 Qxg5 43. Qxd6 Qxe3+ 44. Ka4 Qe2 1/2-1/2

[Event "Wuerttemberg-ch Seniors 15th"]
[Site "Ellwangen"]
[Date "2003.04.18"]
[Round "8"]
[White "Neumann, Erwin"]
[Black "Kunath, Werner"]
[Result "0-1"]
[WhiteElo "1827"]
[BlackElo "1906"]
[PlyCount "104"]
[EventDate "2003.04.??"]
[EventType "swiss"]
[EventRounds "9"]
[EventCountry "GER"]
[SourceTitle "EXT 2006"]
[Source "ChessBase"]
[SourceDate "2005.11.24"]
[SourceVersion "1"]
[SourceVersionDate "2005.11.24"]
[SourceQuality "1"]

1. e4 c5 2. Nf3 Nc6 3. c3 Nf6 4. e5 Nd5 5. d4 cxd4 6. Bb5 Qb6 7. Bxc6 bxc6 8. Qxd4 Ba6 9. b3 e6 10. Qxb6 axb6 11. c4 Nb4 12. Kd2 c5 13. a3 Bb7 14. Ne1 Nc6 15. Bb2 Rd8 16. Nf3 d6 17. Ke3 d5 18. cxd5 exd5 19. Re1 Be7 20. Nbd2 0-0 21. Kf4 h6 22. h4 Rde8 23. Rad1 Nd8 24. g4 Ne6+ 25. Kg3 g6 26. Nh2 g5 27. hxg5 hxg5 28. Ndf3 Kg7 29. Bc1 Rh8 30. Nf1 d4 31. N3h2 Kg6 32. f3 f6 33. exf6 Bd6+ 34. Kg2 Nf4+ 35. Bxf4 gxf4 36. Nd2 Re3 37. Nc4 Bc7 38. Nxe3 fxe3 39. Nf1 Bf4 40. Ng3 Ba6 41. Nh5 Kg5 42. Rh1 e2 43. Nxf4 Kxf4 44. Rde1 Rf8 45. Kf2 d3 46. g5 Kxg5 47. Ke3 Rxf6 48. Reg1+ Kf5 49. Rh5+ Ke6 50. Rh3 Kd6 51. Kd2 Kc6 52. Rg4 Bc8 0-1

[Event "Wuerttemberg-ch Seniors 15th"]
[Site "Ellwangen"]
[Date "2003.04.17"]
[Round "7"]
[White "Kunath, Werner"]
[Black "Kahn, Peter"]
[Result "1/2-1/2"]
[WhiteElo "1906"]
[BlackElo "1933"]
[PlyCount "104"]
[EventDate "2003.04.??"]
[EventType "swiss"]
[EventRounds "9"]
[EventCountry "GER"]
[SourceTitle "EXT 2006"]
[Source "ChessBase"]
[SourceDate "2005.11.24"]
[SourceVersion "1"]
[SourceVersionDate "2005.11.24"]
[SourceQuality "1"]

1. Nf3 d5 2. b3 Nf6 3. Bb2 Bf5 4. e3 e6 5. Be2 Nbd7 6. d4 Bd6 7. c4 c6 8. 0-0 0-0 9. Nbd2 Ne4 10. Nxe4 Bxe4 11. Ne5 Bxe5 12. dxe5 Qg5 13. g3 f6 14. f4 Qh6 15. exf6 Nxf6 16. Qd4 Rf7 17. b4 Qh3 18. Rf2 h5 19. Bf1 Qg4 20. Be2 Qg6 21. Qd1 Ng4 22. Bxg4 Qxg4 23. Qxg4 hxg4 24. c5 Rf5 25. a4 a6 26. Bc3 Rff8 27. Rb2 Rfe8 28. Kf2 Kf7 29. Be5 Rh8 30. Kg1 Rh3 31. Raa2 Bd3 32. Rd2 Be4 33. b5 axb5 34. axb5 Rhh8 35. bxc6 bxc6 36. Rdb2 Rxa2 37. Rxa2 Re8 38. Ra6 d4 39. exd4 Re7 40. Kf2 Rb7 41. Ke3 Bd5 42. f5 exf5 43. Kf4 Kg6 44. Rb6 Ra7 45. Ke3 Ra3+ 46. Kd2 Ra7 47. Kc3 Kh6 48. Kb2 g5 49. Kb1 Kg6 50. Rb8 Rf7 51. Rg8+ Kh6 52. Rh8+ Kg6 1/2-1/2

[Event "Wuerttemberg-ch Seniors 15th"]
[Site "Ellwangen"]
[Date "2003.04.16"]
[Round "6"]
[White "Miller, Martin"]
[Black "Kunath, Werner"]
[Result "0-1"]
[WhiteElo "1837"]
[BlackElo "1906"]
[PlyCount "72"]
[EventDate "2003.04.??"]
[EventType "swiss"]
[EventRounds "9"]
[EventCountry "GER"]
[SourceTitle "EXT 2006"]
[Source "ChessBase"]
[SourceDate "2005.11.24"]
[SourceVersion "1"]
[SourceVersionDate "2005.11.24"]
[SourceQuality "1"]

1. e4 c5 2. Nf3 a6 3. d4 cxd4 4. Nxd4 Nf6 5. Nc3 e5 6. Nf3 Bb4 7. Bd3 d5 8. Nd2 d4 9. Ne2 Nbd7 10. 0-0 Nc5 11. Ng3 Nxd3 12. cxd3 0-0 13. Nc4 Re8 14. f4 exf4 15. Bxf4 b5 16. Bd2 Bxd2 17. Nxd2 Ng4 18. Rf4 Qg5 19. Qf3 Ne5 20. Qf1 Be6 21. Nb3 Nxd3 22. Rf3 Ne5 23. Nxd4 Nxf3+ 24. Nxf3 Qe3+ 25. Kh1 Bc4 26. Qd1 Red8 27. Qc2 Rac8 28. Re1 Qf4 29. Qf2 g6 30. b3 Be6 31. Qe2 Bg4 32. Nf1 Bxf3 33. gxf3 Rc3 34. Ne3 Rcd3 35. Rd1 Rxd1+ 36. Nxd1 Rd2 0-1

[Event "Wuerttemberg-ch Seniors 15th"]
[Site "Ellwangen"]
[Date "2003.04.15"]
[Round "5"]
[White "Kunath, Werner"]
[Black "Schwarz, Albrecht"]
[Result "1-0"]
[WhiteElo "1906"]
[BlackElo "1798"]
[PlyCount "121"]
[EventDate "2003.04.??"]
[EventType "swiss"]
[EventRounds "9"]
[EventCountry "GER"]
[SourceTitle "EXT 2006"]
[Source "ChessBase"]
[SourceDate "2005.11.24"]
[SourceVersion "1"]
[SourceVersionDate "2005.11.24"]
[SourceQuality "1"]

1. d4 d5 2. c4 e5 3. dxe5 d4 4. Nf3 Nc6 5. g3 Be6 6. Nbd2 f6 7. Qa4 Bd7 8. Qb3 fxe5 9. Ne4 Bb4+ 10. Nfd2 Nf6 11. Bg2 0-0 12. 0-0 Bxd2 13. Bxd2 Nxe4 14. Bxe4 Bh3 15. Rfe1 Qf6 16. f3 Rab8 17. Qd3 Bf5 18. b4 Bxe4 19. Qxe4 Ne7 20. b5 Qf5 21. Bb4 Qxe4 22. fxe4 Rf7 23. Rf1 Re8 24. c5 c6 25. a4 Ref8 26. Rxf7 Rxf7 27. b6 a6 28. Bd2 h6 29. e3 Ng6 30. Ra3 Nf8 31. exd4 exd4 32. Bf4 Ne6 33. Bd6 Kh7 34. Kg2 Kg6 35. h4 Kh5 36. Kh3 Rf2 37. g4+ Kg6 38. Kg3 Rc2 39. h5+ Kh7 40. Kf3 Ng5+ 41. Kf4 Rf2+ 42. Ke5 Rf3 43. Rxf3 Nxf3+ 44. Kf4 Nd2 45. e5 g5+ 46. hxg6+ Kxg6 47. e6 Kf6 48. e7 Kf7 49. Ke5 Nb3 50. Ke4 Ke8 51. Kd3 Kf7 52. Kc4 Nd2+ 53. Kxd4 Nf3+ 54. Ke4 Ng5+ 55. Kf5 Nh7 56. Bf4 Kxe7 57. Bxh6 Kf7 58. g5 Kg8 59. g6 Nf8 60. Bxf8 Kxf8 61. Kf6 1-0